000 00938nam a2200193 a 4500
001 43350
005 20180714021838.0
008 140415s1993 mx 000 0 spa d
041 _aspa
082 _a863
_bREC
245 0 0 _aRECIENTES LETRAS POBLANAS :
_bANTOLOGIA
250 _a1a ed.
260 _aMEXICO :
_bSECRETARIA DE CULTURA DEL GOBIERNO DEL EDO. DE PUE,
_c1993
300 _a183
_cx 13.8 x 21.3
490 _aPUEBLA
500 _aCOLECCIÓN PUEBLA
520 _aESTE LIBRO TRATA SOBRE LAS ACCIONES QUE LA SECRETARÍA DE CULTURA DEL GOBIERNO DEL ESTADO HA EMPRENDIDO EN BUSCA DEL ROTRO DE LA REALIDAD VIVA DE LA ENTIDAD, SE ENCUENTRA LA SERIE DE PRESENTACIONES BAJO EL RUBRO DE RECIENTES LETRAS POBLANAS, CONVOCANDO A POETAS Y ESCRITORES DE LAS MÁS DISÍMILES TENDENCIAS Y FUE ASÍ COMO SEMANA A ASEMANA FUERON ACOGIDAS TODA Y CADA UNA DE LAS EXPRESIONES EN FOROS.
650 1 4 _aPUEBLA (CIUDAD)
_xLITERATURA
999 _c43350
_d43350